| 000 | 00818nam a2200229Ia 4500 | ||
|---|---|---|---|
| 003 | GCL | ||
| 008 | 140319s9999 xx 000 0 ara d | ||
| 040 |
_aGCL / _cGCL |
||
| 082 | 0 | 4 |
_aق _b905 _bا ح |
| 100 | 1 | _aامال احمد العمرى | |
| 245 | 1 | 0 |
_aحوليات هيئة الاثار المصرية البحوث والوثائق الاسلامية (الجزء الرابع) / _cامال احمد العمرى |
| 260 |
_a[S.N] : _bهيئة الاثار المصرية ، _c1986 |
||
| 300 | _a68 ص | ||
| 490 |
_aحوليات هيئة الاثار المصرية _v0 |
||
| 650 | 0 | 4 | _aتاريخ |
| 650 | 0 | 4 | _aالمقابر |
| 650 | 0 | 4 | _aدوريات |
| 650 | 0 | 4 | _aالوثائق |
| 650 | 0 | 4 | _aالنقوش الاسلامية |
| 650 | 0 | 4 | _aالعصر الطولونى (868 - 905م) |
| 942 |
_2ddc _cBK |
||
| 999 |
_c57811 _d57811 |
||